000 00748nam a2200157Ia 4500
005 20250325092351.0
008 231217s9999 xx 000 0 und d
020 _a9788177227639
082 _a001.6424JAV KOG;1 R
100 _aKogent Solutions Inc.
245 0 _aJava 6 programming : thread networking, animation, sound, XML, Java beans 2.1 JDBC 4.0 RMI servlets dynamic Java scripting groovy JMX 1.4 generics Java web services and internationalization black book
260 _c2009
_bDreamtech Press
_aNew Delhi
300 _axL, 1583
650 _aJava,6,programming,thread,networking,,animation,,sound,,XML,,Java,beans,2.1,JDBC,4.0,RMI,servlets,dynamic,Java,scripting,groovy,JMX,1.4,generics,Java,internationalization,black
942 _cAA
999 _c185733
_d185733